000 00542nam a2200193 i 4500
001 79401
003 ES-MaACL
005 20230906173953.0
007 t|
008 041021s1972 sp ||||1| spa d
100 1 _aHernández, David.
_962797
245 1 0 _aTensiones y violencia en América Latina /
_cDavid Hernández.
260 _a[Algosta (Vizcaya) :
_bZero,
_c1972]
300 _a119 p. ;
_c17 cm.
490 1 _aLee y discute
830 0 _aLee y discute
_9181315
852 _aES-MaACL
_jC-45512
_bR.83831
999 _c79401
_d79401